000 nam a22 7a 4500
999 _c9561
_d9561
008 180205b ||||| |||| 00| 0 eng d
100 _aKumar,V.etal.
_95713
245 _aTreasures of English-6
260 _aNew Delhi
_bCordova
_c2014